Swadeshi steam : (Record no. 3108)

000 -LEADER
fixed length control field 02321nam a2200337 a 4500
006 - FIXED-LENGTH DATA ELEMENTS--ADDITIONAL MATERIAL CHARACTERISTICS--GENERAL INFORMATION
fixed length control field a||||gr|||| 001 0b
007 - PHYSICAL DESCRIPTION FIXED FIELD--GENERAL INFORMATION
fixed length control field ta
008 - FIXED-LENGTH DATA ELEMENTS--GENERAL INFORMATION
fixed length control field 240416s2023 ii abc grb 001 0deng d
020 ## - INTERNATIONAL STANDARD BOOK NUMBER
International Standard Book Number 9780670099597
Terms of availability Rs. 999.00
040 ## - CATALOGING SOURCE
Original cataloging agency IMU Kochi Library
Language of cataloging eng
041 0# - LANGUAGE CODE
Language code of text/sound track or separate title eng
044 ## - COUNTRY OF PUBLISHING/PRODUCING ENTITY CODE
MARC country code India
082 04 - DEWEY DECIMAL CLASSIFICATION NUMBER
Edition number 23
Classification number 387.5092
Item number V539
100 1# - MAIN ENTRY--PERSONAL NAME
Personal name Vēṅkaṭācalapati, Ā. Irā.,
Dates associated with a name 1967-
245 10 - TITLE STATEMENT
Title Swadeshi steam :
Sub Title V.O. Chidambaram Pillai and the battle against the British Maritime Empire /
260 ## - PUBLICATION, DISTRIBUTION, ETC. (IMPRINT)
Place of publication, distribution, etc Gurugram :
Name of publisher, distributor, etc Penguin Random House India,
Date of publication, distribution, etc 2023.
300 ## - PHYSICAL DESCRIPTION
Extent xxxviii, 495 p. :
Other physical details ill., map, portraits ;
Dimensions 24 cm
504 ## - BIBLIOGRAPHY, ETC. NOTE
Bibliography, etc Includes bibliographical references (pages 465-475) and index.
520 ## - SUMMARY, ETC.
Summary, etc "In 1906, Britain's grip on the world was unassailable. Its navy ruled the seas, and its trade empire spanned the globe. But in the small port town of Tuticorin, a lawyer named V.O. Chidambaram Pillai--known to the world as VOC--had a revolutionary idea that would challenge the might of the empire itself. VOC's plan was audacious: to launch the Swadeshi Steam Navigation Company, a venture that would compete head-on with the British India Steam Navigation Company, the shipping giant that controlled the region. To make his dream a reality, he rallied native traders and patriotic citizens, raising the capital needed to launch his daring enterprise. But the company faced a formidable foe: British mercantile interests and the imperial state both backed its competitor, giving it deep pockets and brazen government backing. VOC and his allies would have to defy overwhelming odds to make their venture a success. Swadeshi Steam is a tale of heroism and defiance in the face of colonial oppression. Based on four decades of research in archives around the world, this inspiring saga showcases the power of one individual's vision to ignite a movement"--Jacket flap.
530 ## - ADDITIONAL PHYSICAL FORM AVAILABLE NOTE
Additional physical form available note Also available as an e-book.
600 10 - SUBJECT ADDED ENTRY--PERSONAL NAME
Personal name Citamparam Piḷḷai, Va. U.,
Dates associated with a name 1872-1936.
610 20 - SUBJECT ADDED ENTRY--CORPORATE NAME
Corporate name or jurisdiction name as entry element Swadeshi Steam Navigation Company
General subdivision History.
610 20 - SUBJECT ADDED ENTRY--CORPORATE NAME
Corporate name or jurisdiction name as entry element British India Steam Navigation Company.
650 #0 - SUBJECT ADDED ENTRY--TOPICAL TERM
Topical term or geographic name as entry element Steamboats
Geographic subdivision India
General subdivision History.
651 #0 - SUBJECT ADDED ENTRY--GEOGRAPHIC NAME
Geographic name India
General subdivision History
Chronological subdivision 20th century.
651 #0 - SUBJECT ADDED ENTRY--GEOGRAPHIC NAME
Geographic name Great Britain
General subdivision Colonies
Geographic subdivision Asia.
852 ## - LOCATION/CALL NUMBER
Location IMU Kochi Library
904 ## - LOCAL DATA ELEMENT D, LDD (RLIN)
CATALOGER Rudra Ranjan
905 ## - LOCAL DATA ELEMENT E, LDE (RLIN)
VERIFIER Rudra Ranjan
942 ## - ADDED ENTRY ELEMENTS (KOHA)
Item type Books
Holdings
Withdrawn status Lost status Source of classification or shelving scheme Damaged status Not for loan Collection code Permanent location Current location Shelving location Date acquired Source of acquisition Cost, normal purchase price Full call number Barcode Date last seen Koha item type Public note
          Nautical Science IMU Kochi Library IMU Kochi Library General Stacks 2025-01-29 M/s Technical Bureau India Pvt Ltd. (Inv. No. TB3603 Dt. 21-01-2025) 999.00 387.5092 V539 BK006801 2025-01-30 Books Gen. Shelf-6, Row-5
          Nautical Science IMU Kochi Library IMU Kochi Library General Stacks 2025-01-29 M/s Technical Bureau India Pvt Ltd. (Inv. No. TB3603 Dt. 21-01-2025) 999.00 387.5092 V539 BK006802 2025-01-30 Books Gen. Shelf-6, Row-5
          Nautical Science IMU Kochi Library IMU Kochi Library General Stacks 2025-01-29 M/s Technical Bureau India Pvt Ltd. (Inv. No. TB3603 Dt. 21-01-2025) 999.00 387.5092 V539 BK006803 2025-01-30 Books Gen. Shelf-6, Row-5
          Nautical Science IMU Kochi Library IMU Kochi Library General Stacks 2025-01-29 M/s Technical Bureau India Pvt Ltd. (Inv. No. TB3603 Dt. 21-01-2025) 999.00 387.5092 V539 BK006804 2025-01-30 Books Gen. Shelf-6, Row-5
          Nautical Science IMU Kochi Library IMU Kochi Library General Stacks 2025-01-29 M/s Technical Bureau India Pvt Ltd. (Inv. No. TB3603 Dt. 21-01-2025) 999.00 387.5092 V539 BK006805 2025-01-30 Books Gen. Shelf-6, Row-5


Copyright © All Rights Reserved by Indian Maritime University, Kochi Campus.
For any Suggestions/Query Contact to library or Email: library.kochi@imu.ac.in Ph:(0484)-2989402
(Web OPAC Designed by Rudra Ranjan. Maintained by IMU Kochi Library)

Powered by Koha